[Event "Euskadi-ch Seniors 29th"]
[Site "Zarautz"]
[Date "2019.06.23"]
[Round "6"]
[White "Lazkano Gaite, Tomas"]
[Black "Cemborain Oricain, Alfonso"]
[Result "0-1"]
[WhiteElo "1685"]
[BlackElo "1891"]
[PlyCount "73"]
[EventDate "2019.06.22"]
[EventType "swiss"]
[EventRounds "6"]
[EventCountry "ESP"]
[SourceTitle "CBM 192 Extra"]
[Source "Chessbase"]
[SourceDate "2019.11.06"]
[SourceVersion "1"]
[SourceVersionDate "2019.11.06"]
[SourceQuality "1"]

1. d4 d5 2. c4 c6 3. Nf3 Nf6 4. Nc3 dxc4 5. e4 b5 6. a3 e6 7. e5 Nd5 8. Ne4 a6 9. b4 a5 10. Bg5 Qb6 11. Bd2 axb4 12. axb4 Rxa1 13. Qxa1 Nxb4 14. Qb2 Nd5 15. Bxc4 bxc4 16. Qc2 Be7 17. 0-0 Ba6 18. Rb1 Qc7 19. Qa4 Bb5 20. Qd1 0-0 21. Bg5 Na6 22. Bxe7 Qxe7 23. Nfg5 h6 24. Qh5 Nf4 25. Qh4 Ne2+ 26. Kh1 Nc3 27. Nf6+ gxf6 28. Qxh6 fxg5 29. Re1 f6 30. Re3 Qg7 31. Qh5 Nd5 32. Rg3 Nf4 33. Qg4 f5 34. Qd1 Kf7 35. Kg1 Rd8 36. Qd2 Qxe5 37. Rxg5 0-1

[Event "Euskadi-ch Seniors 29th"]
[Site "Zarautz"]
[Date "2019.06.22"]
[Round "2"]
[White "Lazkano Gaite, Tomas"]
[Black "Otano Villanueva, Joseba"]
[Result "0-1"]
[WhiteElo "1685"]
[BlackElo "1709"]
[PlyCount "85"]
[EventDate "2019.06.22"]
[EventType "swiss"]
[EventRounds "6"]
[EventCountry "ESP"]
[SourceTitle "CBM 192 Extra"]
[Source "Chessbase"]
[SourceDate "2019.11.06"]
[SourceVersion "1"]
[SourceVersionDate "2019.11.06"]
[SourceQuality "1"]

1. d4 Nf6 2. Nf3 g6 3. c4 Bg7 4. Nc3 0-0 5. e4 d6 6. Be2 c6 7. a4 Na6 8. 0-0 Nc7 9. b4 c5 10. bxc5 dxc5 11. e5 cxd4 12. Nxd4 Nd7 13. f4 Nc5 14. Be3 N7e6 15. Nd5 f6 16. exf6 exf6 17. f5 Nxd4 18. Bxd4 Ne4 19. fxg6 hxg6 20. Qd3 f5 21. Rad1 Be6 22. Bxg7 Kxg7 23. Qd4+ Kg8 24. Qe5 Bxd5 25. Rxd5 Qe8 26. Qb2 b6 27. c5 Nxc5 28. Bc4 Qe3+ 29. Kh1 Kh7 30. Re5 Qg5 31. Qe2 Ne4 32. Rd1 Rad8 33. Bd5 Qf6 34. Re6 Qxe6 35. Qc4 Nf2+ 36. Kg1 Qe3 37. Qh4+ Kg7 38. Qxf2 Qxf2+ 39. Kxf2 Rf6 40. Bf3 Rxd1 41. Bxd1 Rc6 42. h3 Rc4 43. Ke2 0-1

[Event "San Sebastian op 38th"]
[Site "San Sebastian"]
[Date "2015.03.30"]
[Round "4"]
[White "Alkhaldi, Bader"]
[Black "Lazkano Gaite, Tomas"]
[Result "1-0"]
[WhiteElo "1942"]
[BlackElo "1708"]
[PlyCount "73"]
[EventDate "2015.03.28"]
[EventType "swiss"]
[EventRounds "9"]
[EventCountry "ESP"]
[SourceTitle "CBM 165 Extra"]
[Source "ChessBase"]
[SourceDate "2015.04.21"]
[SourceVersion "1"]
[SourceVersionDate "2015.04.21"]
[SourceQuality "1"]

1. d4 Nf6 2. c4 g6 3. Nc3 Bg7 4. e4 d6 5. f3 0-0 6. Be3 Nc6 7. Qd2 e5 8. Nge2 Nh5 9. d5 Ne7 10. g4 Nf4 11. Nxf4 exf4 12. Bxf4 c6 13. dxc6 Nxc6 14. Qxd6 Qa5 15. Bd2 Nd4 16. Kf2 Rd8 17. Qf4 Nb3 18. Rd1 Bd4+ 19. Kg2 Nxd2 20. Rxd2 h5 21. Nd5 Qc5 22. b4 Be3 23. bxc5 Bxf4 24. Nf6+ Kg7 25. Nxh5+ gxh5 26. Rxd8 Be3 27. Be2 Bxc5 28. Rhd1 b6 29. g5 Be7 30. Re8 Bh3+ 31. Kxh3 Rxe8 32. f4 Kg6 33. Kg3 f6 34. h4 Bc5 35. f5+ Kg7 36. Rd7+ Kf8 37. Kf4 1-0

[Event "Gipuzkoa-ch"]
[Site "Donostia"]
[Date "2014.10.25"]
[Round "4.7"]
[White "Lazkano Gaite, Tomas"]
[Black "Argandona Riveiro, Jon"]
[Result "0-1"]
[WhiteElo "1686"]
[BlackElo "1936"]
[PlyCount "132"]
[EventDate "2014.10.04"]
[EventType "swiss"]
[EventRounds "7"]
[EventCountry "ESP"]
[SourceTitle "EXT 2024"]
[Source "ChessBase"]
[SourceDate "2023.10.10"]
[SourceVersion "1"]
[SourceVersionDate "2023.10.10"]
[SourceQuality "1"]

1. d4 d6 2. Nf3 Nf6 3. c4 Nbd7 4. Nc3 e5 5. e4 Be7 6. Be2 0-0 7. h3 c6 8. a4 a5 9. Be3 Re8 10. 0-0 Bf8 11. Bg5 Qc7 12. Qd3 h6 13. Bxf6 Nxf6 14. Nh4 Qb6 15. dxe5 dxe5 16. Kh1 g5 17. Qg3 Bg7 18. Nf5 Bxf5 19. exf5 Rad8 20. h4 gxh4 21. Qxh4 Qxb2 22. Rac1 Qd2 23. Rfd1 Qg5 24. Qxg5 hxg5 25. f3 Rxd1+ 26. Rxd1 e4 27. Nxe4 Nxe4 28. fxe4 Rxe4 29. Rd8+ Bf8 30. Bd3 Rf4 31. Kh2 Kg7 32. g3 Rf2+ 33. Kh3 Bc5 34. Rd7 Rd2 35. Kg4 Kf6 36. Kf3 Ke5 37. Kg4 f6 38. Kh5 Bd6 39. Bb1 Rd1 40. Rxb7 Bb4 41. Bc2 Rc1 42. Bd3 Rc3 43. Be2 Kxf5 44. g4+ Ke5 45. Rc7 Kd6 46. Rf7 Rh3+ 47. Kg6 Bc3 48. Kf5 Re3 49. Bd1 Kc5 50. Rc7 Kd6 51. Rb7 Re5+ 52. Kg6 Re4 53. Rb8 Rxc4 54. Rd8+ Kc5 55. Kf5 Rd4 56. Rxd4 Bxd4 57. Ke4 Kc4 58. Be2+ Kc3 59. Bd1 Be5 60. Ke3 c5 61. Ke4 c4 62. Ke3 Kb2 63. Kd2 Bf4+ 64. Ke2 Kc1 65. Ke1 Bd2+ 66. Ke2 Bb4 0-1

[Event "San Sebastian Gros op 24th"]
[Site "San Sebastian"]
[Date "2014.09.22"]
[Round "3"]
[White "Lazkano Gaite, Tomas"]
[Black "Peteiro Osta, Luis Angel"]
[Result "0-1"]
[WhiteElo "1686"]
[BlackElo "1904"]
[PlyCount "117"]
[EventDate "2014.09.21"]
[EventType "swiss"]
[EventRounds "9"]
[EventCountry "ESP"]
[SourceTitle "EXT 2015"]
[Source "ChessBase"]
[SourceDate "2014.11.20"]
[SourceVersion "1"]
[SourceVersionDate "2014.11.20"]
[SourceQuality "1"]

1. d4 Nf6 2. Nf3 e6 3. c4 b6 4. b3 Bb7 5. Nbd2 Be7 6. Bb2 0-0 7. Qc2 c5 8. e3 cxd4 9. exd4 d5 10. Bd3 h6 11. 0-0 Nc6 12. a3 Rc8 13. Rac1 Re8 14. Ne5 Na5 15. Ndf3 Ne4 16. b4 Nc6 17. Bxe4 dxe4 18. Qxe4 Nxe5 19. Qxb7 Nd3 20. Rb1 Rc7 21. Qa6 Nxb2 22. Rxb2 Bf6 23. Rd2 Rd7 24. Rfd1 Qc7 25. h3 Red8 26. c5 Rd5 27. Qe2 a5 28. Qc4 axb4 29. axb4 Ra8 30. Qb5 Rb8 31. Qa6 bxc5 32. b5 cxd4 33. Nxd4 Bxd4 34. Rxd4 Rxd4 35. Rxd4 Qc1+ 36. Kh2 Qb2 37. Qa4 Qxb5 38. Rd8+ Kh7 39. Qc2+ g6 40. Rd2 Qe5+ 41. Kg1 h5 42. Rd7 Kg7 43. Rd1 Rb2 44. Qc1 Qf6 45. Qc5 Ra2 46. Rd3 Re2 47. Rd1 Qe5 48. Qb4 Qb2 49. Qc5 Qe5 50. Qb4 g5 51. h4 Re4 52. Qd2 Rxh4 53. g3 Re4 54. Rf1 h4 55. Qd3 hxg3 56. fxg3 Re3 57. Qd2 Rxg3+ 58. Kh1 Qe4+ 59. Kh2 0-1

[Event "Donostia Spring op 09th"]
[Site "Donostia"]
[Date "2013.05.25"]
[Round "7"]
[White "Lazkano Gaite, Tomas"]
[Black "Navarro Navarro, Juan Manuel"]
[Result "0-1"]
[WhiteElo "1697"]
[BlackElo "1913"]
[PlyCount "97"]
[EventDate "2013.04.19"]
[EventType "swiss"]
[EventRounds "8"]
[EventCountry "ESP"]
[SourceTitle "EXT 2024"]
[Source "ChessBase"]
[SourceDate "2023.10.10"]
[SourceVersion "1"]
[SourceVersionDate "2023.10.10"]
[SourceQuality "1"]

1. d4 Nf6 2. c4 g6 3. Nc3 d5 4. cxd5 Nxd5 5. e4 Nxc3 6. bxc3 Bg7 7. Bc4 c5 8. Ne2 0-0 9. 0-0 Nc6 10. Be3 a6 11. Bb3 Qa5 12. Qd2 cxd4 13. Nxd4 Ne5 14. Rad1 Bd7 15. Bg5 Qc5 16. f3 Rac8 17. Kh1 Rfe8 18. f4 Nc4 19. Bxc4 Qxc4 20. Rf3 Bg4 21. Rd3 Bxd1 22. Qxd1 Qxa2 23. e5 Qa5 24. Qe1 h6 25. Bh4 Rcd8 26. Qb1 Qd5 27. Rf3 b5 28. h3 b4 29. Qxb4 Rb8 30. Qa3 Rb1+ 31. Kh2 g5 32. Bg3 a5 33. Qa4 Rc8 34. Nf5 Bf8 35. fxg5 hxg5 36. Qg4 Rc6 37. Qxg5+ Rg6 38. Nxe7+ Bxe7 39. Qxe7 Rb2 40. Qa3 Qxf3 41. Qxb2 Qxg3+ 42. Kh1 Qxe5 43. Qd2 Rd6 44. Qc2 Rc6 45. Qd3 Rxc3 46. Qd8+ Kg7 47. Qd2 a4 48. Qd1 Qf4 49. Qa1 0-1

[Event "Donostia Spring op 09th"]
[Site "Donostia"]
[Date "2013.05.18"]
[Round "6"]
[White "Lazkano Gaite, Tomas"]
[Black "Izquierdo Arruferia, Joseba"]
[Result "1/2-1/2"]
[WhiteElo "1697"]
[BlackElo "1879"]
[PlyCount "128"]
[EventDate "2013.04.19"]
[EventType "swiss"]
[EventRounds "8"]
[EventCountry "ESP"]
[SourceTitle "EXT 2024"]
[Source "ChessBase"]
[SourceDate "2023.10.10"]
[SourceVersion "1"]
[SourceVersionDate "2023.10.10"]
[SourceQuality "1"]

1. d4 e6 2. c4 d5 3. Nf3 Nf6 4. Nc3 Be7 5. e3 0-0 6. Bd3 dxc4 7. Bxc4 b6 8. 0-0 Bb7 9. Qb3 c5 10. dxc5 Bxc5 11. Rd1 Qe7 12. Qc2 Nc6 13. a3 a6 14. e4 b5 15. Bf1 Ng4 16. Bg5 f6 17. Bh4 Nce5 18. h3 Nxf3+ 19. gxf3 Ne5 20. Bg2 Rac8 21. f4 Nc4 22. Rd3 Rfd8 23. Rad1 Bb6 24. e5 Bxg2 25. exf6 Qf7 26. Kxg2 Qg6+ 27. Kh2 Rxd3 28. Qxd3 Qxd3 29. Rxd3 Nxb2 30. Rd6 Nc4 31. Rxe6 gxf6 32. Bxf6 Kf7 33. f5 Rc5 34. Ne4 Rxf5 35. Re7+ Kf8 36. Re6 Kf7 37. Re7+ Kf8 38. Rxh7 Kg8 39. Rg7+ Kf8 40. Rg2 Nxa3 41. Bc3 Nc4 42. Bb4+ Kf7 43. Ng5+ Ke8 44. h4 a5 45. Bc3 b4 46. Bg7 b3 47. h5 b2 48. Bxb2 Nxb2 49. f4 Bd4 50. Kg3 Bc3 51. Kg4 Rf8 52. h6 a4 53. h7 Nc4 54. Re2+ Kd7 55. Ne4 Bd4 56. Nd2 Ne3+ 57. Kf3 Nd5 58. Re4 Bh8 59. Rxa4 Nxf4 60. Rxf4 Rxf4+ 61. Kxf4 Ke7 62. Ne4 Kf7 63. Kf5 Kg7 64. Ng5 Kh6 1/2-1/2

[Event "San Sebastian Primavera de Gros op 8th"]
[Site "San Sebastian"]
[Date "2012.05.26"]
[Round "6"]
[White "Olabe Odriozola, Eduardo"]
[Black "Lazkano Gaite, Tomas"]
[Result "1-0"]
[WhiteElo "1932"]
[BlackElo "1701"]
[PlyCount "29"]
[EventDate "2012.04.21"]
[EventType "swiss"]
[EventRounds "7"]
[EventCountry "ESP"]
[SourceTitle "EXT 2014"]
[Source "ChessBase"]
[SourceDate "2013.11.20"]
[SourceVersion "1"]
[SourceVersionDate "2013.11.20"]
[SourceQuality "1"]

1. e4 c5 2. Nc3 Nc6 3. Bc4 Nf6 4. d3 g6 5. Bg5 Bg7 6. f4 e6 7. e5 Nxe5 8. fxe5 Qc7 9. Bxf6 Bxf6 10. exf6 Qe5+ 11. Ne4 d5 12. Nf3 Qc7 13. Bb5+ Kf8 14. Qd2 a6 15. Qh6+ 1-0

[Event "San Sebastian KO GpA"]
[Site "San Sebastian"]
[Date "2011.12.28"]
[Round "1"]
[White "Guijarro Galan, Jose Luis"]
[Black "Lazkano Gaite, Tomas"]
[Result "1-0"]
[WhiteElo "2144"]
[BlackElo "1715"]
[PlyCount "71"]
[EventDate "2011.12.28"]
[EventType "k.o."]
[EventRounds "7"]
[EventCountry "ESP"]
[SourceTitle "CBM 146 Extra"]
[Source "ChessBase"]
[SourceDate "2012.02.29"]
[SourceVersion "1"]
[SourceVersionDate "2012.02.29"]
[SourceQuality "1"]

1. e4 c5 2. Nf3 Nc6 3. Bb5 g6 4. Bxc6 bxc6 5. 0-0 Bg7 6. c3 c4 7. Qa4 a5 8. Re1 Ba6 9. Na3 Qc7 10. e5 Nh6 11. Nxc4 0-0 12. Qxa5 Qa7 13. Nb6 Bd3 14. Qxa7 Rxa7 15. Re3 Bf5 16. d4 Be6 17. a4 Rb8 18. a5 d6 19. Re1 dxe5 20. Bxh6 Bxh6 21. Nxe5 Rc7 22. c4 Bd2 23. c5 Bxe1 24. Rxe1 Bc8 25. b4 Ba6 26. d5 cxd5 27. Nxd5 Rcb7 28. Nc6 e6 29. Nxb8 Rxb8 30. Nc7 Bc4 31. a6 Rxb4 32. a7 Bd5 33. Nxd5 Ra4 34. Ne7+ Kf8 35. Nc6 Ke8 36. Rd1 1-0

[Event "San Sebastian Primavera de Gros 7th op"]
[Site "San Sebastian"]
[Date "2011.06.11"]
[Round "6.16"]
[White "Lazkano Gaite, Tomas"]
[Black "Mohseni, Neik"]
[Result "1-0"]
[WhiteElo "1718"]
[BlackElo "1702"]
[PlyCount "111"]
[EventDate "2011.05.07"]
[EventType "swiss"]
[EventRounds "7"]
[EventCountry "ESP"]
[SourceTitle "EXT 2024"]
[Source "ChessBase"]
[SourceDate "2023.10.10"]
[SourceVersion "1"]
[SourceVersionDate "2023.10.10"]
[SourceQuality "1"]

1. d4 d5 2. c4 Nf6 3. Nf3 g6 4. cxd5 Nxd5 5. e4 Nb6 6. h3 Bg7 7. Nc3 0-0 8. Bf4 e6 9. Be2 Nc6 10. e5 f6 11. Qd2 fxe5 12. Bg5 Qd7 13. dxe5 Qxd2+ 14. Bxd2 Nxe5 15. 0-0 Nxf3+ 16. Bxf3 c6 17. a4 Nc4 18. Bc1 Na5 19. Be3 e5 20. Rad1 Bxh3 21. Be2 Be6 22. b4 Nc4 23. Bc5 Rfd8 24. Rxd8+ Rxd8 25. Bxa7 b6 26. Rd1 Rxd1+ 27. Nxd1 Bf8 28. b5 cxb5 29. axb5 Bc5 30. Nc3 Bd4 31. Ne4 Na3 32. Bb8 Kg7 33. Nd2 Bd7 34. Nf3 Kf6 35. Bc7 Nxb5 36. Bd8+ Kf5 37. Bd3+ e4 38. Bxb5 exf3 39. Bxd7+ Ke5 40. Bc7+ Kd5 41. g3 Kc5 42. Bg4 b5 43. Bxf3 b4 44. Bd1 Kc4 45. Kf1 b3 46. Ke2 Kc3 47. f4 Kb2 48. Be5 Kc3 49. Bxb3 h6 50. Bf7 g5 51. Bxd4+ Kxd4 52. f5 Ke5 53. Be6 g4 54. Ke3 h5 55. Bc8 h4 56. gxh4 1-0

[Event "San Sebastian Primavera de Gros 7th op"]
[Site "San Sebastian"]
[Date "2011.05.28"]
[Round "4.13"]
[White "Lazkano Gaite, Tomas"]
[Black "Fuente San Sebastian, Ernesto"]
[Result "0-1"]
[WhiteElo "1718"]
[BlackElo "1900"]
[PlyCount "110"]
[EventDate "2011.05.07"]
[EventType "swiss"]
[EventRounds "7"]
[EventCountry "ESP"]
[SourceTitle "EXT 2024"]
[Source "ChessBase"]
[SourceDate "2023.10.10"]
[SourceVersion "1"]
[SourceVersionDate "2023.10.10"]
[SourceQuality "1"]

1. d4 Nf6 2. Nf3 d5 3. c4 c5 4. Bg5 Ne4 5. Be3 e6 6. dxc5 Nc6 7. Nc3 Qa5 8. Rc1 Be7 9. cxd5 Nxc3 10. Rxc3 exd5 11. Qxd5 0-0 12. Qb3 Bf6 13. Nd2 Bxc3 14. bxc3 Be6 15. c4 Ne5 16. Bd4 Nxc4 17. Qc3 Qxa2 18. Bxg7 Rfd8 19. Bh6 Qb2 20. Qxb2 Nxb2 21. e3 Nd3+ 22. Bxd3 Rxd3 23. Ke2 Rad8 24. Ne4 Bc4 25. Nf6+ Kh8 26. Kf3 Rc8 27. Rb1 Rc6 28. Bg5 Rxc5 29. Bf4 Rf5 30. Ng4 Bd5+ 31. Kg3 Rb3 32. Rd1 Kg7 33. f3 Be6 34. e4 Rxf4 35. Kxf4 Bxg4 36. Kxg4 a5 37. Ra1 b6 38. g3 Rb4 39. Kf5 a4 40. g4 Rb5+ 41. e5 Ra5 42. h4 a3 43. h5 h6 44. f4 b5 45. g5 hxg5 46. Kxg5 b4 47. h6+ Kg8 48. f5 a2 49. Kf6 Ra6+ 50. e6 fxe6 51. fxe6 b3 52. Rg1+ Kh8 53. Kf7 a1Q 54. e7 Rf6+ 55. Ke8 Qxg1 0-1

[Event "San Sebastian Primavera de Gros 7th op"]
[Site "San Sebastian"]
[Date "2011.05.14"]
[Round "2.14"]
[White "Lazkano Gaite, Tomas"]
[Black "Olaizola Ortega, Luis"]
[Result "0-1"]
[WhiteElo "1718"]
[BlackElo "2216"]
[PlyCount "78"]
[EventDate "2011.05.07"]
[EventType "swiss"]
[EventRounds "7"]
[EventCountry "ESP"]
[SourceTitle "EXT 2024"]
[Source "ChessBase"]
[SourceDate "2023.10.10"]
[SourceVersion "1"]
[SourceVersionDate "2023.10.10"]
[SourceQuality "1"]

1. d4 d5 2. c4 c6 3. Nf3 Nf6 4. Nc3 e6 5. Bg5 dxc4 6. a4 Bb4 7. Qc2 Qa5 8. Bd2 Nbd7 9. e3 Bxc3 10. Qxc3 Qxc3 11. Bxc3 b5 12. b3 cxb3 13. axb5 Bb7 14. bxc6 Bxc6 15. Nd2 Rb8 16. f3 Nd5 17. Nb1 Nxe3 18. Bd3 Nxg2+ 19. Kf2 Nf4 20. Bc4 0-0 21. Ra3 Bd5 22. Bxd5 Nxd5 23. Rxa7 Nxc3 24. Nxc3 Rfc8 25. Na4 b2 26. Rb1 Rc2+ 27. Ke3 Nf8 28. Nc5 Rxh2 29. Ne4 Rb3+ 30. Kf4 Rh4+ 31. Ke5 Rxf3 32. Nc5 Rf5+ 33. Kd6 Rxd4+ 34. Kc6 Rc4 35. Ra5 Rc2 36. Rb5 g5 37. Kd6 Rd5+ 38. Kc6 Kg7 39. R1xb2 Rdxc5+ 0-1

[Event "San Sebastian op 33rd"]
[Site "San Sebastian"]
[Date "2010.04.01"]
[Round "6"]
[White "Lazkano Gaite, Tomas"]
[Black "Vicente Ezeiza, Mikel"]
[Result "1-0"]
[WhiteElo "1741"]
[BlackElo "1674"]
[PlyCount "103"]
[EventDate "2010.03.28"]
[EventType "swiss"]
[EventRounds "9"]
[EventCountry "ESP"]
[SourceTitle "CBM 135 Extra"]
[Source "ChessBase"]
[SourceDate "2010.05.04"]
[SourceVersion "1"]
[SourceVersionDate "2010.05.04"]
[SourceQuality "1"]

1. d4 d5 2. Nf3 Nf6 3. c4 c6 4. Bg5 dxc4 5. Bxf6 exf6 6. Nc3 Bb4 7. a3 Bxc3+ 8. bxc3 Bf5 9. Nh4 Qd5 10. Nxf5 Qxf5 11. f3 Qa5 12. Qc2 Nd7 13. Qe4+ Kd8 14. Qc2 Nb6 15. e4 Re8 16. Be2 Kc7 17. 0-0 Re6 18. Qd2 Qg5 19. f4 Qh6 20. Qe3 f5 21. e5 Nd5 22. Qd2 b5 23. Rf3 Rg6 24. Raf1 Rg4 25. Kh1 Rh4 26. h3 Qe6 27. Rb1 f6 28. Kh2 Rb8 29. g3 Rh6 30. a4 g5 31. axb5 g4 32. Rff1 Rxh3+ 33. Kg2 cxb5 34. Rh1 Qc6 35. Kf2 Rxh1 36. Rxh1 Rh8 37. Ra1 Kb6 38. Qa2 Qb7 39. Bf1 Nxc3 40. Qa5+ Kc6 41. Qxc3 Qb6 42. Ke3 fxe5 43. fxe5 Re8 44. Kf4 Rd8 45. Bg2+ Kc7 46. Qa5 Rxd4+ 47. Kxf5 c3 48. Qxc3+ Kb8 49. Qc6 Qxc6 50. Bxc6 b4 51. e6 Kc7 52. e7 1-0

[Event "San Sebastian op 33rd"]
[Site "San Sebastian"]
[Date "2010.03.29"]
[Round "2"]
[White "Tung, Kai Ming"]
[Black "Lazkano Gaite, Tomas"]
[Result "0-1"]
[WhiteElo "1957"]
[BlackElo "1741"]
[PlyCount "70"]
[EventDate "2010.03.28"]
[EventType "swiss"]
[EventRounds "9"]
[EventCountry "ESP"]
[SourceTitle "CBM 135 Extra"]
[Source "ChessBase"]
[SourceDate "2010.05.04"]
[SourceVersion "1"]
[SourceVersionDate "2010.05.04"]
[SourceQuality "1"]

1. e4 c5 2. Nf3 Nc6 3. d4 cxd4 4. Nxd4 Nf6 5. Nxc6 bxc6 6. e5 Qa5+ 7. Nc3 Qxe5+ 8. Be2 e6 9. 0-0 Qb8 10. Qd4 Be7 11. Bd3 0-0 12. Qh4 Qb4 13. Qh3 d5 14. a3 Qd6 15. Qh4 e5 16. Rd1 e4 17. Be2 Bf5 18. Bf4 Qd7 19. Qg3 Rad8 20. b4 Bd6 21. Na4 Bxf4 22. Qxf4 Bg4 23. Bxg4 Qxg4 24. Qc7 Qe2 25. Nc5 Qxc2 26. Qxa7 Ra8 27. Qb6 Rxa3 28. Rac1 Qe2 29. Qxc6 Ra7 30. Rf1 Ng4 31. Rce1 Qd2 32. Rd1 Qf4 33. g3 Qf3 34. Qxd5 Nxf2 35. Qa2 Nh3# 0-1

[Event "Gipuzkoa-ch"]
[Site "Zarautz"]
[Date "2009.12.05"]
[Round "7"]
[White "Kuende Gorostidi, Jon"]
[Black "Lazkano Gaite, Tomas"]
[Result "1-0"]
[WhiteElo "1805"]
[BlackElo "1738"]
[PlyCount "81"]
[EventDate "2009.10.24"]
[EventType "swiss"]
[EventRounds "7"]
[EventCountry "ESP"]
[SourceTitle "EXT 2012"]
[Source "ChessBase"]
[SourceDate "2011.11.24"]
[SourceVersion "1"]
[SourceVersionDate "2011.11.24"]
[SourceQuality "1"]

1. e4 c5 2. Nf3 Nc6 3. d4 cxd4 4. Nxd4 Nf6 5. Nc3 e5 6. Ndb5 d6 7. Bg5 a6 8. Na3 b5 9. Bxf6 gxf6 10. Nd5 Be6 11. Bd3 Bg7 12. Qh5 0-0 13. 0-0 Ne7 14. c4 Ng6 15. g3 b4 16. Nc2 a5 17. Nce3 Kh8 18. f4 Rg8 19. Kh1 Rb8 20. Rf3 a4 21. Raf1 b3 22. a3 Rb7 23. g4 Bxd5 24. exd5 Re7 25. Rh3 h6 26. Nf5 Qf8 27. g5 fxg5 28. fxg5 e4 29. Nxe7 Qxe7 30. gxh6 Bxb2 31. Re3 Qe5 32. Qxe5+ Nxe5 33. Bxe4 Bxa3 34. h7 Rf8 35. Rg3 Bc5 36. Rf5 f6 37. Rxf6 Rb8 38. Rf5 a3 39. Rfg5 Ng4 40. R3xg4 a2 41. Rg8+ 1-0

[Event "Gipuzkoa-ch"]
[Site "Zarautz"]
[Date "2009.11.07"]
[Round "3"]
[White "Manso Marquez, Felix"]
[Black "Lazkano Gaite, Tomas"]
[Result "1-0"]
[WhiteElo "2087"]
[BlackElo "1738"]
[PlyCount "55"]
[EventDate "2009.10.24"]
[EventType "swiss"]
[EventRounds "7"]
[EventCountry "ESP"]
[SourceTitle "EXT 2012"]
[Source "ChessBase"]
[SourceDate "2011.11.24"]
[SourceVersion "1"]
[SourceVersionDate "2011.11.24"]
[SourceQuality "1"]

1. d4 Nf6 2. c4 e5 3. dxe5 Ng4 4. Bf4 Nc6 5. Nf3 Bc5 6. e3 d6 7. exd6 Qf6 8. Qd2 0-0 9. Nc3 Re8 10. Be2 Be6 11. Ne4 Bb4 12. Nxf6+ Nxf6 13. 0-0 Bxd2 14. Nxd2 cxd6 15. Bxd6 Red8 16. c5 b6 17. Rfd1 Rac8 18. Ba6 bxc5 19. Bxc8 Rxd6 20. Bxe6 Rxe6 21. Rac1 Rd6 22. Nc4 Rxd1+ 23. Rxd1 Kf8 24. Rd6 Nb4 25. a3 Nc2 26. Rd2 Ne1 27. Rd1 Nc2 28. Rc1 1-0

[Event "San Sebastian Nagusia op"]
[Site "San Sebastian"]
[Date "2008.12.06"]
[Round "7"]
[White "Iglesias Gonzalez, Veronica"]
[Black "Lazkano Gaite, Tomas"]
[Result "1-0"]
[WhiteElo "1805"]
[BlackElo "1776"]
[PlyCount "105"]
[EventDate "2008.10.25"]
[EventType "swiss"]
[EventRounds "7"]
[EventCountry "ESP"]
[SourceTitle "EXT 2011"]
[Source "ChessBase"]
[SourceDate "2010.11.26"]
[SourceVersion "1"]
[SourceVersionDate "2010.11.26"]
[SourceQuality "1"]

1. c4 Nf6 2. Nc3 g6 3. d4 Bg7 4. Nf3 d6 5. g3 0-0 6. Bg2 Nbd7 7. 0-0 c5 8. dxc5 Nxc5 9. Be3 a5 10. Nd2 Bf5 11. Bxc5 dxc5 12. e4 Bg4 13. f3 Be6 14. Qe2 Nd7 15. Rac1 Ne5 16. Nd5 Nc6 17. Nb3 a4 18. Na1 Bd7 19. f4 e6 20. Ne3 b5 21. e5 Rc8 22. Bxc6 Bxc6 23. cxb5 Be4 24. Rfd1 Bd5 25. b3 axb3 26. axb3 Qb6 27. Nxd5 exd5 28. Rxd5 Rfd8 29. Rxd8+ Rxd8 30. Qc4 Bf8 31. Nc2 Ra8 32. Rd1 Ra5 33. Rd7 Qe6 34. Rc7 Qf5 35. b6 Ra2 36. Rxf7 Qxf7 37. Qxf7+ Kxf7 38. b7 Rxc2 39. b8Q Be7 40. Qb7 Rd2 41. Qc6 Rd4 42. Kg2 Rb4 43. e6+ Kf6 44. Qd5 Kg7 45. f5 Rd4 46. Qe5+ Bf6 47. Qxc5 gxf5 48. Qc7+ Kg6 49. Qf7+ Kg5 50. h4+ Kg4 51. Qg8+ Kh5 52. Qxh7+ Kg4 53. Qg6+ 1-0

[Event "San Sebastian Nagusia op"]
[Site "San Sebastian"]
[Date "2008.11.22"]
[Round "5"]
[White "Lazkano Gaite, Tomas"]
[Black "Galarraga Lasa, Jon Gurutz"]
[Result "0-1"]
[WhiteElo "1776"]
[BlackElo "1814"]
[PlyCount "116"]
[EventDate "2008.10.25"]
[EventType "swiss"]
[EventRounds "7"]
[EventCountry "ESP"]
[SourceTitle "EXT 2011"]
[Source "ChessBase"]
[SourceDate "2010.11.26"]
[SourceVersion "1"]
[SourceVersionDate "2010.11.26"]
[SourceQuality "1"]

1. d4 Nf6 2. c4 e6 3. Nc3 d5 4. Bg5 Nbd7 5. e3 Be7 6. Nf3 0-0 7. cxd5 exd5 8. Bd3 Re8 9. 0-0 c6 10. Qc2 h6 11. Bh4 Ne4 12. Bg3 Nxg3 13. hxg3 Bd6 14. e4 dxe4 15. Nxe4 Bc7 16. g4 Nf6 17. Rae1 Bxg4 18. Ned2 Qd7 19. Bc4 Bf5 20. Qb3 b5 21. Bd3 Bxd3 22. Qxd3 c5 23. Rc1 Bb6 24. Nh4 c4 25. Qf5 Qxd4 26. Nhf3 Qd5 27. Qb1 Rad8 28. b3 cxb3 29. axb3 Re2 30. Rce1 Rde8 31. Qd1 Qd3 32. Rxe2 Rxe2 33. Qc1 Qd7 34. Qd1 Qe6 35. Ne1 Bxf2+ 36. Kh1 Rxe1 37. Qf3 Qe2 38. Qxe2 Rxe2 39. Nf3 Bb6 40. Kh2 Ng4+ 41. Kg3 Rxg2+ 42. Kxg2 Ne3+ 43. Kf2 Nxf1+ 44. Kxf1 f6 45. Ke2 Kf7 46. Kd3 g5 47. Ke4 Ke6 48. Ne1 f5+ 49. Kf3 Kd5 50. Nc2 a5 51. Ne1 Kd4 52. Ke2 Kc3 53. Nd3 Kxb3 54. Ne5 a4 55. Nd3 a3 56. Kd2 a2 57. Nc1+ Kb2 58. Nd3+ Kb1 0-1

[Event "San Sebastian Nagusia op"]
[Site "San Sebastian"]
[Date "2008.11.08"]
[Round "3"]
[White "Lazkano Gaite, Tomas"]
[Black "Izagirre Alsua, Aritz"]
[Result "1-0"]
[WhiteElo "1776"]
[BlackElo "1807"]
[PlyCount "143"]
[EventDate "2008.10.25"]
[EventType "swiss"]
[EventRounds "7"]
[EventCountry "ESP"]
[SourceTitle "EXT 2011"]
[Source "ChessBase"]
[SourceDate "2010.11.26"]
[SourceVersion "1"]
[SourceVersionDate "2010.11.26"]
[SourceQuality "1"]

1. d4 Nf6 2. c4 e6 3. Nc3 d5 4. Bg5 Be7 5. Nf3 Nbd7 6. e3 a6 7. Bd3 b6 8. cxd5 exd5 9. 0-0 0-0 10. e4 dxe4 11. Nxe4 Bb7 12. Ng3 Nd5 13. Bxe7 Qxe7 14. Qd2 c5 15. Rae1 Qd8 16. dxc5 Nxc5 17. Bb1 a5 18. Re5 Nf6 19. Qg5 Ne6 20. Qh4 g6 21. Nf5 Ne8 22. Ng5 Nxg5 23. Ne7+ Kg7 24. Qxg5 f6 25. Nf5+ Kh8 26. Qh6 Rf7 27. Rxe8+ Qxe8 28. Nd6 Qf8 29. Nxf7+ Qxf7 30. Rd1 Rg8 31. Qh3 f5 32. Qc3+ Qg7 33. Qc1 Re8 34. f3 Qe5 35. Rd7 Ba6 36. Bd3 Bc8 37. Rc7 Qd4+ 38. Kh1 Bd7 39. Bf1 Be6 40. Bb5 Rd8 41. h3 Bxa2 42. Rc3 Qd1+ 43. Qxd1 Rxd1+ 44. Kh2 Rd5 45. Be8 Rc5 46. Re3 Kg7 47. b3 Kf6 48. Bd7 b5 49. h4 b4 50. Kg3 Rc3 51. Re6+ Kg7 52. Ra6 Bxb3 53. Rxa5 Bf7 54. h5 b3 55. Rb5 Rc2 56. Rb7 b2 57. Be6 g5 58. Rxf7+ Kh6 59. Rb7 f4+ 60. Kg4 Rxg2+ 61. Kf5 Rc2 62. Bg8 Rc5+ 63. Kg4 b1Q 64. Rxb1 Kg7 65. Ba2 h6 66. Rb6 Rc1 67. Rb7+ Kh8 68. Kf5 Rc5+ 69. Kf6 Rc8 70. Be6 Rf8+ 71. Kg6 Re8 72. Rh7# 1-0